[Event "2.BLN 1617 Hamburger SK -HSK-ListerTurm"]
[Site "?"]
[Date "2016.10.16"]
[Round "1.1"]
[White "Schneider, Ilja"]
[Black "Bracker, Frank"]
[Result "1/2-1/2"]
[WhiteElo "2504"]
[BlackElo "2427"]
[PlyCount "120"]
[EventDate "2016.??.??"]
[WhiteTeam "HSK-ListerTurm"]
[BlackTeam "Hamburger SK"]

1. d4 Nf6 2. Nf3 e6 3. g3 d5 4. c4 Bb4+ 5. Bd2 Bd6 6. Bg2 O-O 7. O-O c6 8. Qb3
Qe7 9. Nc3 a5 10. Rfe1 dxc4 11. Qxc4 Nbd7 12. a3 e5 13. e3 Nb6 14. Qb3 a4 15.
Qxb6 Ra6 16. Qxa6 bxa6 17. dxe5 Bxe5 18. Nxa4 Ne4 19. Nxe5 Qxe5 20. Bb4 c5 21.
Nxc5 Nxc5 22. Rec1 Nb3 23. Bxf8 Nxc1 24. Rxc1 Be6 25. Bc5 Qxb2 26. Rd1 f6 27.
Bf3 Kf7 28. Kg2 Qe5 29. Rc1 Bd5 30. Bxd5+ Qxd5+ 31. Kg1 Qd2 32. Ra1 h5 33. Bd4
Qd3 34. a4 g5 35. Rc1 h4 36. gxh4 gxh4 37. h3 Qe4 38. Rc7+ Ke6 39. Rg7 Qf3 40.
Rg4 Qd1+ 41. Kg2 Qxa4 42. Rxh4 Qb5 43. Rf4 f5 44. Kh2 a5 45. Bc3 a4 46. Bb4 Qe2
47. Kg2 Qb2 48. Kh2 Qc2 49. Ba3 Kf6 50. Bb4 Kg6 51. Ba3 Qb3 52. Bb4 a3 53. Bxa3
Qxa3 54. h4 Qa8 55. Kg1 Qc6 56. Kh2 Qb5 57. Kg2 Qd5+ 58. Kh2 Qd3 59. Kg2 Qe2
60. Rd4 Qc2 {(=)} 1/2-1/2

[Event "2.BLN 1617 Hamburger SK-HSK-ListerTurm"]
[Site "?"]
[Date "2016.10.16"]
[Round "1.2"]
[White "Colpe, Malte"]
[Black "Buchenau, Frank"]
[Result "1-0"]
[WhiteElo "2394"]
[BlackElo "2275"]
[PlyCount "91"]
[EventDate "2016.??.??"]
[WhiteTeam "Hamburger SK"]
[BlackTeam "HSK-ListerTurm"]

1. d4 e6 2. c4 Nf6 3. Nf3 b6 4. g3 Bb7 5. Bg2 Be7 6. O-O O-O 7. Re1 Qc8 8. Nc3
Ne4 9. Nxe4 Bxe4 10. Bh3 c5 11. Ng5 Bg6 12. Bg2 Nc6 13. d5 Nd4 14. Ne4 exd5 15.
cxd5 d6 16. e3 Nb5 17. a4 Nc7 18. h4 h6 19. Nd2 Na6 20. Nc4 Bf5 21. e4 Bg4 22.
Qb3 Bh3 23. Bf3 f6 24. Kh2 Bg4 25. Bg2 g5 26. f3 Bd7 27. f4 Kg7 28. hxg5 hxg5
29. e5 fxe5 30. fxe5 dxe5 31. Bd2 Rh8+ 32. Kg1 Bh3 33. Qf3 Bxg2 34. Qxg2 Bf6
35. Bc3 Nb4 36. Rxe5 Bxe5 37. Bxe5+ Kg8 38. Bxh8 Kxh8 39. d6 Qg8 40. Qh1+ Kg7
41. Qb7+ Kh6 42. Ne3 Rf8 43. Kg2 Rf7 44. Rh1+ Kg7 45. Nf5+ Kf6 46. Qe4 1-0

[Event "2.BLN 1617 Hamburger SK-HSK-ListerTurm"]
[Site "?"]
[Date "2016.10.16"]
[Round "1.3"]
[White "Vöge, Tobias"]
[Black "Van Delft, Merijn"]
[Result "1-0"]
[WhiteElo "2289"]
[BlackElo "2384"]
[PlyCount "51"]
[EventDate "2016.??.??"]
[WhiteTeam "HSK-ListerTurm"]
[BlackTeam "Hamburger SK"]

1. d4 d5 2. c4 c6 3. cxd5 cxd5 4. Nc3 Nf6 5. f3 Nc6 6. e4 dxe4 7. d5 Ne5 8.
fxe4 e6 9. Nf3 Nxf3+ 10. Qxf3 Bd6 11. Bb5+ Bd7 12. dxe6 fxe6 13. Bg5 Bxb5 14.
Bxf6 Qxf6 15. Qh5+ Ke7 16. Qxb5 Qh4+ 17. g3 Bxg3+ 18. Kd1 Rhd8+ 19. Kc2 Bf4 20.
Raf1 Rd2+ 21. Kb1 Rad8 22. Qb4+ Ke8 23. e5 g5 24. Ne4 Qh3 25. Qb5+ Kf7 26.
Nxg5+ 1-0

[Event "2.BLN 1617 Hamburger SK-HSK-ListerTurm"]
[Site "?"]
[Date "2016.10.16"]
[Round "1.4"]
[White "Fuchs, Judith"]
[Black "Hörstmann, Martin"]
[Result "1/2-1/2"]
[WhiteElo "2287"]
[BlackElo "2253"]
[PlyCount "149"]
[EventDate "2016.??.??"]
[WhiteTeam "Hamburger SK"]
[BlackTeam "HSK-ListerTurm"]

1. b3 g6 2. Bb2 Nf6 3. Bxf6 exf6 4. c4 d5 5. cxd5 Qxd5 6. Nc3 Qa5 7. g3 Bg7 8.
Bg2 c6 9. e3 Bf5 10. Nge2 Bd3 11. O-O f5 12. Re1 Nd7 13. a3 O-O 14. Nc1 Ba6 15.
b4 Qc7 16. Qc2 Rad8 17. d4 Bc4 18. Nb3 a6 19. Rac1 Nf6 20. Nd2 Be6 21. a4 Qe7
22. Rb1 Bd5 23. Nxd5 cxd5 24. Rec1 Rfe8 25. b5 axb5 26. Rxb5 Rd7 27. Nb3 h5 28.
Nc5 Rc7 29. Qb2 h4 30. Rb1 hxg3 31. hxg3 Ng4 32. Rxb7 Rxb7 33. Qxb7 Qg5 34.
Qxd5 Rxe3 35. Bf3 Rc3 36. Rd1 Rc2 37. Bxg4 Qxg4 38. Rd3 Qh5 39. Qd8+ Bf8 40.
Kg2 Rc1 41. Qh4 Qe2 42. Re3 Qf1+ 43. Kf3 Qd1+ 44. Kg2 Qf1+ 45. Kf3 Bxc5 46.
dxc5 Qd1+ 47. Kg2 Qd5+ 48. Rf3 Rc3 49. Qf4 Kg7 50. a5 Rxc5 51. Qe3 Rxa5 52. Qd3
Qa8 53. Qc3+ Kg8 54. Qe3 Ra1 55. Kh2 Qd5 56. Qd3 Qa8 57. Qe3 Rb1 58. Qa3 Qb7
59. Qe3 Kh7 60. Qd3 Kg7 61. Qc3+ Kg8 62. Qe3 Rd1 63. Qb3 Qd7 64. Rc3 Rd2 65.
Qb8+ Kh7 66. Qf4 Qd5 67. Qf3 Qd4 68. Re3 Rd1 69. Ra3 Rd2 70. Kg2 Qe4 71. Re3
Qc4 72. Rc3 Qa2 73. Rc7 Kg8 74. Rc8+ Kh7 75. Rc7 1/2-1/2

[Event "2.BLN 1617 Hamburger SK-HSK-ListerTurm"]
[Site "?"]
[Date "2016.10.16"]
[Round "1.5"]
[White "Hampel, Felix"]
[Black "Scheerer, Christoph"]
[Result "0-1"]
[WhiteElo "2220"]
[BlackElo "2354"]
[PlyCount "112"]
[EventDate "2016.??.??"]
[WhiteTeam "HSK-ListerTurm"]
[BlackTeam "Hamburger SK"]

1. c4 Nc6 2. Nf3 e5 3. Nc3 Nf6 4. g3 Bc5 5. Nxe5 Bxf2+ 6. Kxf2 Nxe5 7. e4 c5 8.
d3 d6 9. Kg2 h6 10. h3 a6 11. a4 O-O 12. Be3 Bd7 13. Be2 Bc6 14. Kh2 Qe7 15.
Rf1 Rfe8 16. a5 Rab8 17. Qc2 b5 18. axb6 Rxb6 19. Rae1 Reb8 20. Nd1 Qe8 21. Bc1
Ba4 22. Qd2 Bxd1 23. Bxd1 Nfd7 24. Rf2 Nc6 25. Ref1 Nde5 26. g4 f6 27. Ba4 Qg6
28. Bxc6 Rxc6 29. Qc2 Rcb6 30. Rd1 Rb3 31. Bf4 Qe8 32. Kg2 Qe6 33. Bxe5 Qxe5
34. Rdd2 Qd4 35. Kh2 a5 36. Rg2 R8b4 37. Qb1 a4 38. Qc2 Rxb2 39. Qxb2 Rxb2 40.
Rxb2 Qxd3 41. Rgc2 Qxe4 42. Ra2 Qd3 43. Kg2 Kh7 44. h4 Kg6 45. Rf2 Qxc4 46. h5+
Kf7 47. Kg3 Qb3+ 48. Kh4 a3 49. Rae2 d5 50. Re1 Qb4 51. Ra1 Ke6 52. Rf3 d4 53.
Rfxa3 Qd2 54. Kg3 f5 55. gxf5+ Kxf5 56. Rf3+ Ke4 0-1

[Event "2.BLN 1617 Hamburger SK-HSK-ListerTurm"]
[Site "?"]
[Date "2016.10.16"]
[Round "1.6"]
[White "Baciu, Diana"]
[Black "Hörstmann, Rudi"]
[Result "1-0"]
[WhiteElo "2279"]
[BlackElo "2246"]
[PlyCount "69"]
[EventDate "2016.??.??"]
[WhiteTeam "Hamburger SK"]
[BlackTeam "HSK-ListerTurm"]

1. e4 g6 2. d4 Bg7 3. Nc3 d6 4. Nge2 Nd7 5. g3 Ngf6 6. Bg2 O-O 7. h3 c5 8. Be3
Rb8 9. a4 b6 10. O-O a6 11. f4 cxd4 12. Nxd4 Bb7 13. Qe2 Re8 14. Nb3 Rc8 15.
Qf2 Rxc3 16. bxc3 Nxe4 17. Bxe4 Bxe4 18. Bd4 Ba8 19. Rae1 Qc8 20. Kh2 Qc6 21.
Bxg7 Kxg7 22. Nd4 Qc4 23. f5 Nf6 24. fxg6 hxg6 25. Qf4 Qd5 26. Re2 Ne4 27. Rxe4
Qxe4 28. Qxf7+ Kh6 29. Rf3 Rc8 30. Ne6 Qe2+ 31. Rf2 Qe5 32. Qxe7 Rxc3 33. Qh4+
Qh5 34. Qf4+ g5 35. Qf8+ 1-0

[Event "2.BLN 1617 Hamburger SK-HSK-ListerTurm"]
[Site "?"]
[Date "2016.10.16"]
[Round "1.7"]
[White "Gentemann, Moritz"]
[Black "Meißner, Felix"]
[Result "0-1"]
[WhiteElo "2192"]
[BlackElo "2247"]
[PlyCount "92"]
[EventDate "2016.??.??"]
[WhiteTeam "HSK-ListerTurm"]
[BlackTeam "Hamburger SK"]

1. e4 c5 2. Nf3 d6 3. d4 cxd4 4. Nxd4 Nf6 5. Nc3 a6 6. Be3 e5 7. Nb3 Be6 8. f3
Be7 9. Qd2 O-O 10. O-O-O Nbd7 11. g4 b5 12. g5 b4 13. Ne2 Ne8 14. f4 a5 15. f5
Bxb3 16. cxb3 a4 17. bxa4 Rxa4 18. Kb1 Rxa2 19. Nc1 Ra8 20. Nb3 Kh8 21. Rg1 Qc7
22. Bb5 Nc5 23. Qd5 Qa7 24. Bxc5 dxc5 25. Qd7 Nd6 26. Qxa7 Rxa7 27. Bc6 Rc8 28.
f6 Bf8 29. Bd5 c4 30. Nc1 c3 31. bxc3 bxc3 32. Kc2 Nb5 33. Ne2 Bc5 34. Rg3 Bd4
35. Rf1 Na3+ 36. Kd3 c2 37. Nxd4 exd4 38. Kd2 Nb1+ 39. Kc1 Nc3 40. Kxc2 Nxd5+
41. Kd3 Ne3 42. Rb1 Rd8 43. h4 Ra3+ 44. Ke2 d3+ 45. Kd2 Nc4+ 46. Kd1 Ra2 0-1

[Event "2.BLN 1617 Hamburger SK-HSK-ListerTurm"]
[Site "?"]
[Date "2016.10.16"]
[Round "1.8"]
[White "Doberitz, Paul"]
[Black "Virag, Attila Aba"]
[Result "1/2-1/2"]
[WhiteElo "2207"]
[BlackElo "2280"]
[PlyCount "109"]
[EventDate "2016.??.??"]
[WhiteTeam "Hamburger SK"]
[BlackTeam "HSK-ListerTurm"]

1. c4 e5 2. a3 f5 3. Nc3 Nf6 4. g3 Be7 5. Bg2 O-O 6. e3 d6 7. Nge2 c6 8. d4 Be6
9. d5 Bf7 10. O-O c5 11. b4 Nbd7 12. e4 fxe4 13. Nxe4 Nxe4 14. Bxe4 cxb4 15.
axb4 a5 16. bxa5 Rxa5 17. Rxa5 Qxa5 18. Qc2 Nf6 19. Bf5 g6 20. Bh3 b5 21. Bh6
Rb8 22. Rb1 Ra8 23. Rxb5 Qe1+ 24. Kg2 Bf8 25. Rb1 Qa5 26. Bg5 Bg7 27. Nc3 Ne8
28. Ne4 Qc7 29. Qd3 Ra4 30. Rc1 Qb7 31. Bg4 Bf8 32. h4 Nc7 33. Bd7 Ra6 34. Rb1
Rb6 35. Rxb6 Qxb6 36. Qd2 Qb1 37. Nc3 Qb4 38. Qd3 Na6 39. Be6 Qb7 40. Ne4 Bxe6
41. dxe6 Nc5 42. Qd5 Qxd5 43. cxd5 Nxe4 44. e7 Bxe7 45. Bxe7 Kf7 46. f3 Kxe7
47. fxe4 Kd7 48. Kf3 h5 49. Ke3 Kc7 50. Kd3 Kb6 51. Kc4 Ka5 52. Kc3 Kb5 53. Kb3
Kc5 54. Kc3 Kb5 55. Kb3 1/2-1/2

[Event "2.BLN 1617 SV Werder Bremen - Turm Kiel"]
[Site "?"]
[Date "2016.10.16"]
[Round "1.1"]
[White "Glud, Jakob Vang"]
[Black "Meins, Gerlef"]
[Result "1-0"]
[WhiteElo "2517"]
[BlackElo "2414"]
[PlyCount "93"]
[EventDate "2016.??.??"]

1. c4 Nf6 2. g3 e6 3. Bg2 d5 4. Nf3 c5 5. O-O Nc6 6. cxd5 exd5 7. d4 Be7 8.
dxc5 Bxc5 9. a3 a5 10. Bg5 O-O 11. Nc3 d4 12. Bxf6 Qxf6 13. Ne4 Qe7 14. Nxc5
Qxc5 15. Ne1 Re8 16. Nd3 Qb6 17. Qd2 Bf5 18. Rac1 Be4 19. Rc2 Bxg2 20. Kxg2 h6
21. Qf4 Rad8 22. Rfc1 Re6 23. Qf5 Rde8 24. Qh5 Ne5 25. Nf4 Rc6 26. Qf5 Qb5 27.
Qe4 Rxc2 28. Rxc2 Ng6 29. Qxd4 Nxf4+ 30. Qxf4 Rxe2 31. Rxe2 Qxe2 32. Qb8+ Kh7
33. Qxb7 a4 34. b3 axb3 35. Qxb3 Qe4+ 36. Qf3 Qc4 37. h4 g6 38. Qa8 g5 39. h5
Kg7 40. a4 f5 41. Qb7+ Kf6 42. a5 f4 43. a6 g4 44. gxf4 Qc3 45. a7 Qh3+ 46. Kg1
g3 47. Qc6+ 1-0

[Event "2.BLN 1617 SV Werder Bremen - Turm Kiel"]
[Site "?"]
[Date "2016.10.16"]
[Round "1.2"]
[White "Joachim, Sven"]
[Black "Pakleza, Zbigniew"]
[Result "1-0"]
[WhiteElo "2401"]
[BlackElo "2499"]
[PlyCount "69"]
[EventDate "2016.??.??"]

1. e4 e5 2. Nf3 d6 3. d4 exd4 4. Nxd4 Nf6 5. Nc3 Be7 6. Be2 O-O 7. Bf4 c6 8.
Qd2 b5 9. a3 Re8 10. O-O Bf8 11. Bf3 a5 12. Nxc6 Nxc6 13. e5 Ra6 14. exf6 Qxf6
15. Nxb5 Ne5 16. Bd5 Qd8 17. Rfe1 a4 18. b4 axb3 19. cxb3 Bd7 20. a4 h6 21.
Rad1 Ng4 22. Bc4 Rxe1+ 23. Rxe1 d5 24. Nc7 dxc4 25. Nxa6 cxb3 26. h3 Nf6 27.
Nb8 Qc8 28. Rc1 Qe8 29. Nxd7 Nxd7 30. Be3 Ne5 31. Qc3 b2 32. Rb1 Ng6 33. a5 Qe6
34. Qxb2 Nh4 35. Qb7 1-0

[Event "2.BLN 1617 SV Werder Bremen - Turm Kiel"]
[Site "?"]
[Date "2016.10.16"]
[Round "1.3"]
[White "Stopa, Jacek"]
[Black "Richter, Christian"]
[Result "1-0"]
[WhiteElo "2464"]
[BlackElo "2368"]
[PlyCount "65"]
[EventDate "2016.??.??"]

1. d4 Nf6 2. Bg5 e6 3. e3 c5 4. c3 cxd4 5. exd4 Be7 6. Bd3 a6 7. a4 b6 8. Nf3
Bb7 9. Nbd2 d6 10. O-O Nbd7 11. Re1 O-O 12. Nf1 Re8 13. Ng3 Qc7 14. c4 Bf8 15.
a5 bxa5 16. Bd2 a4 17. Qxa4 e5 18. Ba5 Qc8 19. d5 Nc5 20. Qc2 Nxd3 21. Qxd3 g6
22. b4 Qd7 23. Nd2 Bg7 24. Rad1 h6 25. f3 Rec8 26. Nb3 Rab8 27. Ne4 Ba8 28.
Nxf6+ Bxf6 29. c5 dxc5 30. Nxc5 Qb5 31. Nxa6 Rb6 32. Qxb5 Rxb5 33. d6 1-0

[Event "2.BLN 1617 SV Werder Bremen - Turm Kiel"]
[Site "?"]
[Date "2016.10.16"]
[Round "1.4"]
[White "Grigorian, Spartak"]
[Black "Berg, Klaus"]
[Result "1-0"]
[WhiteElo "2293"]
[BlackElo "2358"]
[PlyCount "21"]
[EventDate "2016.??.??"]

1. d4 Nf6 2. c4 c5 3. d5 b5 4. cxb5 a6 5. bxa6 g6 6. Nc3 Bg7 7. e4 Qa5 8. a7
Nxe4 9. axb8=Q Rxb8 10. Nge2 Nxc3 11. Qd2 1-0

[Event "2.BLN 1617 SV Werder Bremen - Turm Kiel"]
[Site "?"]
[Date "2016.10.16"]
[Round "1.5"]
[White "Boe, Mads"]
[Black "Lichmann, Peter"]
[Result "1-0"]
[WhiteElo "2324"]
[BlackElo "2359"]
[PlyCount "105"]
[EventDate "2016.??.??"]

1. e4 g6 2. d4 c6 3. Nc3 d5 4. Nf3 Bg4 5. Be2 dxe4 6. Nxe4 Bxf3 7. Bxf3 Bg7 8.
c3 Nf6 9. Nxf6+ Bxf6 10. d5 O-O 11. O-O cxd5 12. Qxd5 Qxd5 13. Bxd5 Nc6 14. Be3
e6 15. Be4 Rfc8 16. Rfd1 b6 17. Bxc6 Rxc6 18. Rd7 a6 19. Rb7 b5 20. a4 bxa4 21.
Rxa4 Rd8 22. Kf1 Kg7 23. Ke2 Rdd6 24. Ra7 g5 25. h4 h6 26. h5 Bd8 27. Rb4 Rc7
28. Rxc7 Bxc7 29. Bd4+ f6 30. Rb7 Rc6 31. b4 e5 32. Bb6 Rxb6 33. Rxc7+ Kf8 34.
g4 Rd6 35. Ke3 Ke8 36. f3 Kd8 37. Rh7 Rc6 38. Kd3 Rd6+ 39. Kc2 f5 40. gxf5 Rf6
41. Kd2 Rxf5 42. Rxh6 a5 43. bxa5 Rxf3 44. Rg6 Rh3 45. Rxg5 e4 46. Rc5 Kd7 47.
a6 Rh1 48. Ke3 Ra1 49. h6 Rxa6 50. Rh5 Ra8 51. h7 Rh8 52. Kxe4 Ke6 53. c4 1-0

[Event "2.BLN 1617 SV Werder Bremen - Turm Kiel"]
[Site "?"]
[Date "2016.10.16"]
[Round "1.6"]
[White "Charmeteau, Sven"]
[Black "Junge, Ralph"]
[Result "1-0"]
[WhiteElo "2305"]
[BlackElo "2277"]
[PlyCount "95"]
[EventDate "2016.??.??"]

1. e4 e6 2. d4 d5 3. Nc3 Nf6 4. e5 Ne4 5. Nce2 f6 6. f3 Ng5 7. exf6 Qxf6 8.
Bxg5 Qxg5 9. f4 Qf6 10. Nf3 c5 11. c3 Nc6 12. g3 cxd4 13. cxd4 Bb4+ 14. Nc3 O-O
15. Bg2 Ba5 16. Qd2 Bb6 17. Rd1 Bd7 18. O-O Be8 19. Kh1 Bh5 20. Ne2 Rac8 21.
Bh3 Bg6 22. Nc3 Ba5 23. Qe3 Rce8 24. Rfe1 h6 25. Bxe6+ Kh8 26. Nxd5 Qd8 27. Nc3
Qb6 28. Re2 Bh5 29. Kg2 Bxf3+ 30. Kxf3 Rxe6 31. Qxe6 Nxd4+ 32. Rxd4 Qxd4 33.
Nd5 Rd8 34. Ne7 Qd3+ 35. Kg2 Bb4 36. Nf5 Qd5+ 37. Kh3 Qxe6 38. Rxe6 Rd2 39. a3
Bc5 40. b4 Bg1 41. Re7 h5 42. Kh4 g6 43. Ng7 Bd4 44. Ne8 Rxh2+ 45. Kg5 Rg2 46.
Kh6 Rxg3 47. Nf6 Bxf6 48. Re8# 1-0

[Event "2.BLN 1617 SV Werder Bremen - Turm Kiel"]
[Site "?"]
[Date "2016.10.16"]
[Round "1.7"]
[White "Buchal, Stephan"]
[Black "Luckow, Rolf"]
[Result "1/2-1/2"]
[WhiteElo "2348"]
[BlackElo "2190"]
[PlyCount "80"]
[EventDate "2016.??.??"]

1. c4 c6 2. Nf3 d5 3. g3 Nf6 4. Bg2 e6 5. O-O Be7 6. b3 O-O 7. Bb2 a6 8. Qc2
Nbd7 9. d3 Re8 10. e4 Nf8 11. e5 N6d7 12. Re1 f5 13. exf6 Bxf6 14. d4 b5 15.
Nc3 Bb7 16. Rad1 Rc8 17. c5 Qc7 18. Re2 Re7 19. Rde1 Rce8 20. Nd1 e5 21. Ne3 g6
22. Ng4 e4 23. Nxf6+ Nxf6 24. Ne5 Bc8 25. Bc1 Ne6 26. Be3 Nd7 27. Nxd7 Bxd7 28.
f3 exf3 29. Bxf3 Qc8 30. Qd2 Ng7 31. Bf4 Rxe2 32. Rxe2 Bg4 33. Rxe8+ Nxe8 34.
Bg2 Qe6 35. Qe3 Qxe3+ 36. Bxe3 Kf7 37. Bg5 Ng7 38. Kf2 Ne6 39. Be3 Kf6 40. Bf1
h6 {(=)} 1/2-1/2

[Event "2.BLN 1617 Preetzer TSV - SK Nordersted"]
[Site "?"]
[Date "2016.10.16"]
[Round "1.1"]
[White "Trent, Lawrence"]
[Black "Pedersen, Steffen"]
[Result "1-0"]
[WhiteElo "2463"]
[BlackElo "2375"]
[PlyCount "109"]
[EventDate "2016.??.??"]

1. e4 c6 2. Nc3 d5 3. Nf3 Nf6 4. e5 Ne4 5. Be2 Nxc3 6. dxc3 Bg4 7. Nd4 Bxe2 8.
Qxe2 e6 9. f4 c5 10. Nf3 Nc6 11. O-O Be7 12. Be3 Qc7 13. Kh1 O-O-O 14. a3 Kb8
15. b4 Rc8 16. Bg1 h6 17. Rab1 Ka8 18. Nd2 Rhe8 19. Nb3 f6 20. b5 Na5 21. b6
Qxb6 22. Nd4 Qc7 23. Nxe6 Qc6 24. Nxg7 Rh8 25. Nf5 Qe6 26. Nxe7 Qxe7 27. Qb5 b6
28. Rbe1 Nc4 29. exf6 Qxf6 30. Re2 Rc7 31. a4 Kb7 32. f5 Qxc3 33. Bxc5 Rxc5 34.
Re7+ Rc7 35. Qxd5+ Kb8 36. Rxc7 Kxc7 37. f6 Ne3 38. Qf7+ Kb8 39. Qg7 Rc8 40.
Qg3+ Kb7 41. f7 Rf8 42. Qf3+ Ka6 43. h3 Qc4 44. Re1 Nxc2 45. Re7 Nd4 46. Qb7+
Ka5 47. Qxa7+ Kb4 48. Qxb6+ Ka3 49. Qxh6 Ka2 50. Qd2+ Nc2 51. Qc1 Kb3 52. Rb7+
Kc3 53. Qb2+ Kd2 54. Rd7+ Ke2 55. Qc1 1-0

[Event "2.BLN 1617 Preetzer TSV - SK Nordersted"]
[Site "?"]
[Date "2016.10.16"]
[Round "1.2"]
[White "Jahncke, Giso"]
[Black "Ostrovskiy, Andrey"]
[Result "0-1"]
[WhiteElo "2327"]
[BlackElo "2438"]
[PlyCount "100"]
[EventDate "2016.??.??"]

1. e4 e5 2. Nf3 Nc6 3. Bb5 a6 4. Ba4 Nf6 5. O-O Be7 6. Re1 b5 7. Bb3 d6 8. c3
O-O 9. h3 h6 10. d4 Re8 11. Nbd2 Bf8 12. Nf1 Bd7 13. Ng3 Na5 14. Bc2 Nc4 15. b3
Nb6 16. Be3 c5 17. d5 Nh7 18. Bd3 f5 19. exf5 Nf6 20. Bd2 Nbxd5 21. a4 Bc6 22.
c4 bxc4 23. Bxc4 Kh7 24. Nh5 Ra7 25. Nh4 e4 26. Ng6 Nxh5 27. Qxh5 Nf6 28. Nxf8+
Rxf8 29. Qg6+ Kh8 30. Be6 Bd7 31. b4 Bxe6 32. fxe6 cxb4 33. Bxb4 Re8 34. Rac1
Rxe6 35. Rc6 Qe8 36. Qxe8+ Nxe8 37. Rd1 Kg8 38. Rd5 Kf7 39. Ra5 d5 40. Rcc5 Nc7
41. Rc1 Rb7 42. Bd2 d4 43. Bf4 Ne8 44. Rd5 g5 45. Bg3 d3 46. f3 Nf6 47. Rd4 Rb3
48. Rd1 Nh5 49. Be1 exf3 50. g3 Rb2 0-1

[Event "2.BLN 1617 Preetzer TSV - SK Nordersted"]
[Site "?"]
[Date "2016.10.16"]
[Round "1.3"]
[White "Kopylov, Michael"]
[Black "Bjerre, Jonas"]
[Result "0-1"]
[WhiteElo "2426"]
[BlackElo "2375"]
[PlyCount "66"]
[EventDate "2016.??.??"]

1. d4 Nf6 2. c4 e6 3. g3 Bb4+ 4. Nd2 d5 5. Bg2 O-O 6. Ngf3 b6 7. O-O Bb7 8.
cxd5 exd5 9. Ne5 Re8 10. Ndf3 Ne4 11. Bf4 Bd6 12. Rc1 Nd7 13. Nc6 Bxc6 14. Rxc6
Bxf4 15. gxf4 Nb8 16. Rc2 Qd6 17. e3 Na6 18. a3 c5 19. dxc5 bxc5 20. Ne5 Qe6
21. Bxe4 dxe4 22. Rd2 Qf6 23. Qa4 Qf5 24. Rfd1 g5 25. Qxa6 gxf4 26. exf4 Qxf4
27. Nc4 Re6 28. Qa5 Rg6+ 29. Kf1 Qxh2 30. Rd8+ Kg7 31. Ne3 Rg1+ 32. Ke2 Qh5+
33. f3 Qh2+ 0-1

[Event "2.BLN 1617 Preetzer TSV - SK Nordersted"]
[Site "?"]
[Date "2016.10.16"]
[Round "1.4"]
[White "Schwarz, Frank"]
[Black "Krause, Benedict"]
[Result "0-1"]
[WhiteElo "2251"]
[BlackElo "2389"]
[PlyCount "64"]
[EventDate "2016.??.??"]

1. c4 g6 2. g3 c5 3. Bg2 Bg7 4. Nc3 Nc6 5. e4 e6 6. Nge2 Nge7 7. d3 d6 8. a3
O-O 9. Rb1 b6 10. O-O Bb7 11. Bg5 h6 12. Be3 Nd4 13. Qd2 Kh7 14. f4 Qd7 15. b4
Rac8 16. Bf2 f5 17. Nxd4 cxd4 18. Ne2 e5 19. Rfc1 fxe4 20. dxe4 Ng8 21. Qd3 Nf6
22. c5 dxc5 23. bxc5 bxc5 24. fxe5 Ng4 25. e6 Qxe6 26. Rxb7 Nxf2 27. Qb1 Nh3+
28. Kh1 d3 29. Nf4 Nxf4 30. gxf4 c4 31. Rxa7 d2 32. Bf3 dxc1=Q+ 0-1

[Event "2.BLN 1617 Preetzer TSV - SK Nordersted"]
[Site "?"]
[Date "2016.10.16"]
[Round "1.5"]
[White "Polischuk, Viktor"]
[Black "Reinecker, Kai"]
[Result "0-1"]
[WhiteElo "2306"]
[BlackElo "2246"]
[PlyCount "110"]
[EventDate "2016.??.??"]

1. e4 e5 2. Nf3 Nf6 3. Nc3 Nc6 4. d4 exd4 5. Nxd4 Bb4 6. Nxc6 bxc6 7. Bd3 d5 8.
exd5 cxd5 9. O-O O-O 10. Bg5 c6 11. Na4 Qd6 12. Qf3 Bg4 13. Qf4 Qxf4 14. Bxf4
Rfe8 15. a3 Bf8 16. Rfe1 c5 17. Nc3 c4 18. Bf1 Bf5 19. Be5 Ne4 20. Bd4 Nxc3 21.
Bxc3 Bxc2 22. Bd4 a5 23. Rac1 Bf5 24. g3 g6 25. Bg2 Rxe1+ 26. Rxe1 Be6 27. Rd1
a4 28. f4 Ra5 29. Kf2 Rb5 30. Rd2 Bd7 31. Bf3 Bc6 32. Bd1 Rb8 33. Re2 Bg7 34.
Bxg7 Kxg7 35. Rd2 d4 36. Rxd4 Rxb2+ 37. Ke3 Bb5 38. Rd5 c3 39. Rc5 Rxh2 40. Kd4
Rd2+ 41. Kxc3 Rxd1 42. Rxb5 Rg1 43. Kb4 Rxg3 44. Kxa4 h5 45. Rb1 h4 46. Rh1 h3
47. Kb4 Rf3 48. a4 Rxf4+ 49. Kb5 Rh4 50. a5 g5 51. a6 g4 52. a7 Rh8 53. Kc6 Kg6
54. Kb7 Kg5 55. Re1 h2 0-1

[Event "2.BLN 1617 Preetzer TSV - SK Nordersted"]
[Site "?"]
[Date "2016.10.16"]
[Round "1.6"]
[White "Junge, Kai"]
[Black "Zierke, Oliver"]
[Result "1/2-1/2"]
[WhiteElo "2232"]
[BlackElo "2233"]
[PlyCount "117"]
[EventDate "2016.??.??"]

1. Nf3 d5 2. g3 c5 3. Bg2 Nc6 4. O-O Nf6 5. d3 e5 6. e4 d4 7. a4 Be7 8. Na3 O-O
9. Nc4 Nd7 10. Bd2 Rb8 11. Qe2 b6 12. Bh3 Qc7 13. c3 Na5 14. Bxd7 Nxc4 15. Bxc8
Nxd2 16. Nxd2 Rbxc8 17. Nc4 Rfe8 18. Qg4 Bf6 19. cxd4 exd4 20. Rfe1 Rcd8 21. f4
Be7 22. e5 a6 23. Rac1 Bf8 24. e6 b5 25. axb5 axb5 26. Nd2 fxe6 27. Rxe6 Qd7
28. f5 Rxe6 29. fxe6 Qd5 30. Re1 Re8 31. Qe2 Be7 32. Qg2 Qxg2+ 33. Kxg2 Ra8 34.
Nf3 Bf6 35. Ne5 Ra2 36. Kf3 Rxb2 37. Ra1 Kf8 38. Nc6 g5 39. Ra7 g4+ 40. Ke4
Re2+ 41. Kd5 Bg5 42. Rf7+ Kg8 43. Rf5 h6 44. Kxc5 Rxe6 45. Ne5 Be3 46. Kxb5 Kg7
47. Kc4 Bg1 48. Nxg4 Re2 49. Rf1 Rg2 50. Kd5 h5 51. Nf6 Kg6 52. Ne4 Bxh2 53.
Rf6+ Kg7 54. Rf3 Bg1 55. Ng5 Bf2 56. Ne6+ Kh6 57. Nf4 Rh2 58. Ke4 Bg1 59. Rf1
1/2-1/2

[Event "2.BLN 1617 Preetzer TSV - SK Nordersted"]
[Site "?"]
[Date "2016.10.16"]
[Round "1.7"]
[White "Kahlert, Thomas"]
[Black "Hamann, Carsten"]
[Result "1/2-1/2"]
[WhiteElo "2233"]
[BlackElo "2111"]
[PlyCount "141"]
[EventDate "2016.??.??"]

1. Nf3 Nf6 2. d4 g6 3. g3 Bg7 4. Bg2 O-O 5. O-O d6 6. b3 Ne4 7. Bb2 c5 8. c4
Nc6 9. Nbd2 Bf5 10. Nh4 Nxd2 11. Qxd2 cxd4 12. Nxf5 gxf5 13. Bxc6 bxc6 14. Bxd4
Bxd4 15. Qxd4 e5 16. Qe3 Qe7 17. Rad1 Rad8 18. Rd2 Kh8 19. Rfd1 Rg8 20. Qf3 f4
21. Qxc6 Rg6 22. Qe4 fxg3 23. hxg3 Qg5 24. c5 f5 25. Qf3 f4 26. Rxd6 Rdg8 27.
Rxg6 Rxg6 28. c6 fxg3 29. fxg3 Rf6 30. c7 Rxf3 31. c8=Q+ Kg7 32. Rd7+ Rf7 33.
Rxf7+ Kxf7 34. Kg2 Qe3 35. Qd7+ Kg8 36. Qd3 Qb6 37. Qd5+ Kf8 38. Qxe5 Qc6+ 39.
Kh2 Qh6+ 40. Kg1 Qb6+ 41. Kf1 h6 42. Qd5 Kg7 43. a4 Qe3 44. Qd3 Qc1+ 45. Kg2
Qc6+ 46. Qf3 Qc5 47. Qe4 a5 48. e3 Qc1 49. Qe5+ Kg6 50. Qxa5 Qxe3 51. Qb5 Qd2+
52. Kf1 Qd1+ 53. Kf2 Qc2+ 54. Ke3 Qc1+ 55. Kd4 Qg1+ 56. Kc3 Qe1+ 57. Kc2 Qf2+
58. Kc3 Qe1+ 59. Kc4 Qxg3 60. Qc6+ Kg7 61. a5 Qg4+ 62. Kb5 h5 63. a6 Qg5+ 64.
Kb6 Qe3+ 65. Kc7 h4 66. b4 h3 67. Kb8 Qf4+ 68. Kc8 Qf8+ 69. Kc7 Qe7+ 70. Kc8
Qf8+ 71. Kc7 {(=)} 1/2-1/2

[Event "2.BLN 1617 Preetzer TSV - SK Nordersted"]
[Site "?"]
[Date "2016.10.16"]
[Round "1.8"]
[White "Kornrumpf, Joachim"]
[Black "Meyer, Falko"]
[Result "0-1"]
[WhiteElo "2083"]
[BlackElo "2217"]
[PlyCount "38"]
[EventDate "2016.??.??"]

1. b3 d5 2. Bb2 Bf5 3. e3 e6 4. f4 h5 5. Nf3 Nf6 6. Be2 Nbd7 7. O-O c6 8. Ne5
a5 9. a4 h4 10. Bf3 Nxe5 11. fxe5 Nd7 12. d4 Qg5 13. Qe2 Qg6 14. Rf2 f6 15.
exf6 Nxf6 16. Na3 Bd6 17. Kh1 Ne4 18. Bxe4 Bxe4 19. Kg1 h3 0-1

[Event "2.BLN SF Berlin II-SV GA Rüdersdorf"]
[Site "?"]
[Date "2016.10.16"]
[Round "1.1"]
[White "Moranda, Wojciech"]
[Black "Polzin, Rainer"]
[Result "1-0"]
[WhiteElo "2586"]
[BlackElo "2413"]
[PlyCount "81"]
[EventDate "2016.10.16"]
[WhiteTeam "SV Glückauf Rüdersdorf"]
[BlackTeam "SF Berlin 1903 II"]
[WhiteTeamCountry "POL"]
[BlackTeamCountry "GER"]

1. d4 Nf6 2. c4 g6 3. Nc3 Bg7 4. e4 d6 5. Nf3 O-O 6. Be2 e5 7. O-O Na6 8. Be3
Ng4 9. Bg5 Qe8 10. dxe5 dxe5 11. Qc1 c6 12. Rd1 f6 13. Bd2 f5 14. h3 Nf6 15.
exf5 gxf5 16. Bh6 e4 17. Nh4 Bxh6 18. Qxh6 Qe5 19. Qg5+ Kh8 20. Qh6 Kg8 21. f4
Qe7 22. Qg5+ Kh8 23. Nxf5 Bxf5 24. Qxf5 Nd5 25. Qxe4 Qc5+ 26. Qd4+ Qxd4+ 27.
Rxd4 Nxc3 28. bxc3 Rae8 29. Kf2 Nc5 30. Bh5 Re7 31. Bf3 Rfe8 32. Rad1 Na4 33.
R1d3 Nb2 34. Rd2 Na4 35. R4d3 Re1 36. g4 Kg8 37. g5 Ra1 38. f5 Nc5 39. Rd8 Rxd8
40. Rxd8+ Kf7 41. Bh5+ 1-0